000
00318nam a22001457a 4500
008
230522b ||||| |||| 00| 0 eng d
020
_a
9782264048301
041
_a
FRA
080
_a
82
082
_a
82
100
_a
38
101
_a
GJL
245
_a
INTO THE WILD DOMAINE ETRANGER
_c
KRAKAUER.J
942
_2
udc
_c
BK
999
_c
59790
_d
59790